[Event "DEM U12"]
[Site "Willingen"]
[Date "2006.06.07"]
[Round "7.34"]
[White "Dauer, Maximilian"]
[Black "Lang, Sascha"]
[Result "1-0"]
[WhiteElo "1260"]
[BlackElo "1400"]
[PlyCount "119"]
[EventDate "2006.??.??"]
[EventType "swiss"]
[EventRounds "11"]
[EventCountry "GER"]

1. e4 c5 2. Nc3 a6 3. g3 Nc6 4. Bg2 e6 5. d3 Nge7 6. f4 g6 7. Nf3 Bg7 8. O-O d6
9. g4 Qc7 10. Ne2 Bd7 11. Ng3 h6 12. Nh4 O-O-O 13. f5 exf5 14. exf5 Bd4+ 15.
Kh1 g5 16. Nf3 f6 17. c3 Be5 18. Ne2 h5 19. d4 hxg4 20. Nxe5 dxe5 21. d5 e4 22.
d6 Qb8 23. Ng3 Rde8 24. Be3 b6 25. Kg1 Ng8 26. Qd2 Na5 27. b3 Nb7 28. Rad1 Rh7
29. Nxe4 Rg7 30. b4 Qa7 31. Qf2 Bc6 32. Ng3 Bxg2 33. Kxg2 Re5 34. Rd2 Qa8 35.
Rfd1 Nxd6+ 36. Kg1 Nb7 37. bxc5 bxc5 38. Rd5 Rxd5 39. Rxd5 Rc7 40. Bxc5 Nxc5
41. Rxc5 Qa7 42. Rxc7+ Qxc7 43. Qd4 Qf4 44. Qc5+ Qc7 45. Qxc7+ Kxc7 46. Ne4 Kc6
47. c4 Nh6 48. Nxf6 Nxf5 49. Nxg4 Kc5 50. Ne5 Ne3 51. Kf2 Nf5 52. Kf3 a5 53.
Kg4 Ne3+ 54. Kxg5 Kd4 55. Nc6+ Kxc4 56. h4 a4 57. h5 Kc5 58. h6 Nc4 59. h7 Nd6
60. Kf6 1-0

[Event "DEM U12"]
[Site "Willingen"]
[Date "2006.06.07"]
[Round "7.35"]
[White "Barzen, Pascal"]
[Black "Kühnel, Lena"]
[Result "0-1"]
[WhiteElo "1390"]
[BlackElo "1243"]
[PlyCount "82"]
[EventDate "2006.??.??"]
[EventType "swiss"]
[EventRounds "11"]
[EventCountry "GER"]

1. d4 d5 2. c4 dxc4 3. e4 e5 4. d5 Nf6 5. Nc3 c6 6. Bg5 Bb4 7. Bxf6 Qxf6 8.
Bxc4 Qg6 9. Qf3 Bg4 10. Qd3 O-O 11. Nf3 Nd7 12. Nd2 b5 13. Bb3 Nc5 14. Qe3 Nxb3
15. axb3 a6 16. Qg3 cxd5 17. f3 Bh5 18. Qxg6 Bxg6 19. Nxd5 Bc5 20. b4 Bd4 21.
Ra2 Kh8 22. Nb3 Ba7 23. Kd2 Bb8 24. Rha1 f5 25. Nb6 Ra7 26. Rxa6 Rxa6 27. Rxa6
fxe4 28. fxe4 Bxe4 29. Ke3 Bxg2 30. Nc5 h6 31. Nbd7 Rg8 32. Re6 Ba7 33. Rxe5
Rd8 34. Rf5 Rxd7 35. Kf4 Rd4+ 36. Kg3 Bc6 37. Ne6 Rd3+ 38. Kh4 Bd7 39. Re5 Bxe6
40. Rxe6 Rd4+ 41. Kh5 Kh7 0-1

[Event "DEM U12"]
[Site "Willingen"]
[Date "2006.06.07"]
[Round "7.36"]
[White "Chernova, Margarita"]
[Black "Schubert, Torsten"]
[Result "1/2-1/2"]
[WhiteElo "1248"]
[BlackElo "1347"]
[PlyCount "60"]
[EventDate "2006.??.??"]
[EventType "swiss"]
[EventRounds "11"]
[EventCountry "GER"]

1. e4 c5 2. Nf3 d6 3. d4 cxd4 4. Qxd4 a6 5. c4 Nc6 6. Qd1 Nf6 7. Nc3 b6 8. Be2
Bb7 9. Be3 e6 10. O-O Be7 11. Rc1 O-O 12. h3 Na7 13. Nd2 d5 14. cxd5 exd5 15.
exd5 Nxd5 16. Nxd5 Bxd5 17. Bxa6 b5 18. Bxa7 Rxa7 19. Bxb5 Rxa2 20. Rb1 Qb6 21.
Bc4 Bxc4 22. Nxc4 Qb5 23. b3 Re8 24. Qf3 Bc5 25. Rb2 Rxb2 26. Nxb2 Rb8 27. Rc1
Ba3 28. Qc3 h6 29. Ra1 Bxb2 30. Qxb2 Qxb3 1/2-1/2

[Event "DEM U12"]
[Site "Willingen"]
[Date "2006.06.07"]
[Round "7.37"]
[White "Bohrmann, Sandra"]
[Black "Rieping, Heiner"]
[Result "0-1"]
[WhiteElo "1110"]
[BlackElo "1591"]
[PlyCount "38"]
[EventDate "2006.??.??"]
[EventType "swiss"]
[EventRounds "11"]
[EventCountry "GER"]

1. e4 d5 2. exd5 Qxd5 3. Nc3 Qa5 4. Nf3 Nf6 5. Bc4 Bg4 6. d3 Nc6 7. Be3 O-O-O
8. O-O Ne5 9. h3 Bxf3 10. gxf3 Nxc4 11. Bf4 Qh5 12. Kh2 e5 13. Bg3 Nd6 14. Re1
Re8 15. Re3 Nf5 16. Rxe5 Rxe5 17. Bxe5 Nh4 18. Bg3 Nxf3+ 19. Kh1 Qxh3+ 0-1

[Event "DEM U12"]
[Site "Willingen"]
[Date "2006.06.07"]
[Round "7.38"]
[White "Stoevesand, Eric"]
[Black "Lebek, Ricarda"]
[Result "0-1"]
[WhiteElo "1244"]
[BlackElo "1577"]
[PlyCount "110"]
[EventDate "2006.??.??"]
[EventType "swiss"]
[EventRounds "11"]
[EventCountry "GER"]

1. e4 c5 2. Nf3 d6 3. d4 cxd4 4. Nxd4 Nf6 5. Nc3 a6 6. f3 e5 7. Nb3 Be6 8. Be3
Be7 9. Qd2 Nbd7 10. O-O-O O-O 11. h4 b5 12. h5 Nb6 13. g4 Nc4 14. Bxc4 bxc4 15.
Na1 Qc7 16. g5 Nd7 17. g6 Rab8 18. Bh6 Qb7 19. b3 cxb3 20. axb3 Qb4 21. Rdg1
Bf6 22. Rh2 Qd4 23. Rhg2 Qxd2+ 24. Bxd2 fxg6 25. hxg6 h6 26. Ne2 Rfc8 27. Kd1
Nc5 28. Nc3 Rf8 29. Rf2 Bh4 30. Rh2 Bd8 31. Rf1 Rf6 32. Rg1 Rxf3 33. Nd5 Nxe4
34. Ne3 Nxd2 35. Kxd2 Bb6 36. Re1 Ba5+ 37. Ke2 Rxe3+ 38. Kxe3 Bxe1 39. Kd3 Bf5+
40. Kc4 Rb4+ 41. Kd5 Rd4+ 42. Kc6 Rd2 43. Rh1 Be4+ 44. Kb6 Bxh1 45. Kxa6 Rd1
46. b4 Rxa1+ 47. Kb6 Bxb4 48. c4 Ba5+ 49. Kb5 Rb1+ 50. Kxa5 e4 51. c5 dxc5 52.
Ka6 e3 53. Ka7 e2 54. Ka6 e1=Q 55. Ka7 Qa5# 0-1

[Event "DEM U12"]
[Site "Willingen"]
[Date "2006.06.07"]
[Round "7.39"]
[White "Schreiner, Till"]
[Black "Pohl, Theresa"]
[Result "1-0"]
[WhiteElo "1499"]
[BlackElo "1225"]
[PlyCount "57"]
[EventDate "2006.??.??"]
[EventType "swiss"]
[EventRounds "11"]
[EventCountry "GER"]

1. e4 e5 2. Nf3 Nc6 3. d4 exd4 4. Nxd4 Bc5 5. Nxc6 Qf6 6. Qd2 Qxc6 7. Nc3 a6 8.
Bd3 Nf6 9. O-O O-O 10. Qg5 h6 11. Qg3 Bd6 12. e5 Nh5 13. Qg4 Bxe5 14. Qxh5 d6
15. Be3 Be6 16. Qf3 Qd7 17. h3 Bf6 18. Qe4 Rfe8 19. Nd5 Bxd5 20. Qxd5 Rab8 21.
b3 Re5 22. Qf3 Re7 23. Rfe1 Ree8 24. Qf5 Qxf5 25. Bxf5 Re5 26. Bg4 Rbe8 27. Bd2
Rxe1+ 28. Rxe1 Rxe1+ 29. Bxe1 1-0

[Event "DEM U12"]
[Site "Willingen"]
[Date "2006.06.07"]
[Round "7.40"]
[White "Rogasch, Miriam"]
[Black "von Schwerin, Clemens"]
[Result "1-0"]
[WhiteElo "1085"]
[BlackElo "1423"]
[PlyCount "133"]
[EventDate "2006.??.??"]
[EventType "swiss"]
[EventRounds "11"]
[EventCountry "GER"]

1. e4 c5 2. Nf3 a6 3. d4 cxd4 4. Nxd4 Nf6 5. Nc3 e5 6. Nb3 Bb4 7. Bd2 Nc6 8. a3
Bxc3 9. Bxc3 Nxe4 10. Bxe5 Nxe5 11. Qd4 O-O 12. Qxe4 Re8 13. O-O-O Rb8 14. f4
Ng4 15. Qf3 d6 16. Bd3 Qe7 17. h3 Qe3+ 18. Qxe3 Nxe3 19. Rde1 b5 20. Kd2 Bxh3
21. gxh3 Ng2 22. Rxe8+ Rxe8 23. f5 Nf4 24. h4 Ng2 25. Rh2 Ne1 26. Re2 Nf3+ 27.
Kc3 Rc8+ 28. Kb4 Nxh4 29. Ka5 Ra8 30. Kb6 g6 31. fxg6 fxg6 32. Kb7 Rf8 33. Kxa6
Nf3 34. Bxb5 Ne5 35. a4 h5 36. a5 Rb8 37. Rg2 Kh7 38. Rg3 Kh6 39. c4 g5 40. Ka7
Rg8 41. a6 h4 42. Rg1 Nf3 43. Rh1 g4 44. Bc6 Kh5 45. Bxf3 gxf3 46. Nd2 f2 47.
Kb7 Rg1 48. Rh2 f1=Q 49. Nxf1 Rxf1 50. a7 Rf7+ 51. Kb6 Rf8 52. b4 Kg4 53. Ra2
Ra8 54. Kb7 Rxa7+ 55. Kxa7 Kg3 56. b5 h3 57. b6 h2 58. Rxh2 Kxh2 59. b7 d5 60.
b8=Q+ Kh3 61. cxd5 Kh4 62. d6 Kh5 63. d7 Kh6 64. d8=Q Kh7 65. Qh2+ Kg6 66. Qg3+
Kh7 67. Qdh4# 1-0

[Event "DEM U12"]
[Site "Willingen"]
[Date "2006.06.07"]
[Round "7.41"]
[White "Düssler, Stefanie"]
[Black "Dittmann, Jan"]
[Result "1-0"]
[WhiteElo "1289"]
[BlackElo "1201"]
[PlyCount "135"]
[EventDate "2006.??.??"]
[EventType "swiss"]
[EventRounds "11"]
[EventCountry "GER"]

1. e4 c5 2. Nf3 d6 3. d4 cxd4 4. Nxd4 Nf6 5. Nc3 g6 6. Be3 Bg7 7. f3 O-O 8. Qd2
Nc6 9. Bc4 Bd7 10. O-O-O Ne5 11. Bb3 a5 12. a4 Rc8 13. Kb1 Nc4 14. Qd3 Nxe3 15.
Qxe3 Ne8 16. g4 Nc7 17. h4 Rb8 18. h5 b5 19. hxg6 hxg6 20. Qg5 bxa4 21. Qh4 Re8
22. Bxa4 Bxa4 23. Nxa4 Qd7 24. Nc3 a4 25. Rh2 a3 26. b3 Rb4 27. Nde2 Ra8 28.
Ka2 Kf8 29. g5 Ne6 30. Rdh1 Ke8 31. Qh7 Qc8 32. Qg8+ Kd7 33. Qxc8+ Kxc8 34. Nd5
Rb7 35. Nec3 Kd7 36. Na4 Rab8 37. f4 Nd4 38. Kxa3 Ra8 39. Rb1 Kc6 40. Ka2 Rba7
41. c3 Nb5 42. Kb2 f5 43. gxf6 exf6 44. Nb4+ Kc7 45. Rh7 Rg8 46. Nd5+ Kd8 47.
Rd1 f5 48. e5 Rh8 49. Rxh8+ Bxh8 50. exd6 Nxd6 51. Nb4 Kc7 52. Nd5+ Kc6 53.
Nb4+ Kc7 54. Rh1 Bg7 55. Rg1 Nc4+ 56. Kc2 Ne3+ 57. Kd3 Ng4 58. Re1 Kd6 59. Re8
Nf6 60. Rd8+ Nd7 61. Nb6 Ke6 62. Rxd7 Rxd7+ 63. Nxd7 Kxd7 64. c4 Bf8 65. Nd5
Bd6 66. b4 Kc6 67. Kd4 Bb8 68. Ne7+ 1-0

[Event "DEM U12"]
[Site "Willingen"]
[Date "2006.06.07"]
[Round "7.42"]
[White "Rozenfeld, Elisabeth"]
[Black "Vetter, Henrike"]
[Result "1/2-1/2"]
[WhiteElo "1271"]
[BlackElo "836"]
[PlyCount "129"]
[EventDate "2006.??.??"]
[EventType "swiss"]
[EventRounds "11"]
[EventCountry "GER"]

1. e4 e6 2. Nf3 d5 3. exd5 exd5 4. d4 Nc6 5. Bb5 Bd7 6. O-O a6 7. Ba4 b5 8. Bb3
Nf6 9. Re1+ Be7 10. Nc3 O-O 11. Nxd5 Nxd5 12. Bxd5 Rb8 13. Bf4 Nb4 14. Bb3 Bg4
15. c3 Nc6 16. h3 Bh5 17. Qd3 Bd6 18. Ng5 Bg6 19. Qf3 Na5 20. Bxd6 cxd6 21. Ne4
Re8 22. Bd5 Kh8 23. Re2 f5 24. Ng3 Qg5 25. Rae1 f4 26. Ne4 Qxd5 27. Qxf4 Bxe4
28. Rxe4 Rxe4 29. Rxe4 Qxa2 30. Qxd6 Ra8 31. Kh2 Qxb2 32. Qxa6 Rf8 33. Rf4 Qa3
34. Qxa5 Qd6 35. g3 Rxf4 36. gxf4 Qxf4+ 37. Kg2 Qg5+ 38. Kf3 Qf5+ 39. Ke3 Qxh3+
40. Kd2 Qh6+ 41. Kc2 Qg6+ 42. Kb3 h5 43. Qxb5 h4 44. Qb8+ Kh7 45. Qe5 h3 46. d5
Qb1+ 47. Kc4 Qf1+ 48. Kb4 Qb1+ 49. Kc5 Qf1 50. Qd4 Kg6 51. d6 h2 52. Qe4+ Kf6
53. Qh4+ Ke6 54. Qxh2 Qd3 55. c4 Qa3+ 56. Kd4 Qa1+ 57. Ke4 Qe1+ 58. Kf3 Qc3+
59. Kg2 Qxc4 60. Qg3 Qd5+ 61. Kh2 Qxd6 62. Qxd6+ Kxd6 63. Kg3 Ke6 64. Kg4 Kf6
65. Kf4 1/2-1/2

[Event "DEM U12"]
[Site "Willingen"]
[Date "2006.06.07"]
[Round "7.43"]
[White "Kormann, Jewgenija"]
[Black "Weißenburg, Isabel"]
[Result "1-0"]
[WhiteElo "1236"]
[BlackElo "1255"]
[PlyCount "73"]
[EventDate "2006.??.??"]
[EventType "swiss"]
[EventRounds "11"]
[EventCountry "GER"]

1. e4 c5 2. Nf3 d6 3. d4 cxd4 4. Nxd4 Nf6 5. Nc3 a6 6. h3 e5 7. Nb3 Be6 8. Bg5
Be7 9. Bd3 Nc6 10. Qe2 O-O 11. Bxf6 Bxf6 12. Bc4 b5 13. Bd5 Rc8 14. O-O Nb4 15.
a3 Bxd5 16. exd5 Rxc3 17. bxc3 Nxd5 18. Qd2 Qa8 19. Rad1 Nf4 20. f3 Rd8 21.
Rfe1 Bg5 22. Qf2 f5 23. Kh2 e4 24. g3 Nd5 25. Qd4 Nf6 26. f4 Bh6 27. Re2 Qb7
28. Rf2 Qf7 29. Qb6 Nd5 30. Qxd8+ Qf8 31. Qxf8+ Kxf8 32. Rxd5 Ke7 33. Rxf5 Ke6
34. Rf8 g6 35. Re8+ Kd5 36. Rd2+ Kc4 37. Rc8# 1-0

[Event "DEM U12"]
[Site "Willingen"]
[Date "2006.06.07"]
[Round "7.44"]
[White "Günther, Elisabeth"]
[Black "Luther, Alexander"]
[Result "0-1"]
[WhiteElo "969"]
[BlackElo "1248"]
[PlyCount "106"]
[EventDate "2006.??.??"]
[EventType "swiss"]
[EventRounds "11"]
[EventCountry "GER"]

1. e4 e5 2. Nf3 Nf6 3. Nxe5 d6 4. Nf3 Nxe4 5. Nc3 Nxc3 6. dxc3 Be7 7. Be3 O-O
8. Qd2 Bg4 9. Be2 Nc6 10. O-O-O Re8 11. Kb1 a6 12. h4 Bxf3 13. gxf3 Bxh4 14.
Rdg1 Bf6 15. Bh6 g6 16. Bc4 Ne5 17. Qf4 Nxc4 18. Qxc4 b5 19. Qf4 c5 20. Bg5
Bxg5 21. Rxg5 f6 22. Rg3 a5 23. Qh6 Re7 24. a3 b4 25. cxb4 axb4 26. axb4 cxb4
27. f4 Qe8 28. Rgg1 f5 29. Qh3 Qa4 30. Qb3+ Qxb3 31. cxb3 Re2 32. Rg2 Rae8 33.
Kc1 Re1+ 34. Rxe1 Rxe1+ 35. Kc2 Re4 36. Kd3 Rxf4 37. Ke3 Rh4 38. Rg1 Rh3+ 39.
Ke2 Rxb3 40. Rb1 h5 41. Kf1 h4 42. Kg1 g5 43. Kg2 g4 44. Kh2 Kg7 45. Kh1 Kg6
46. Kg2 Kg5 47. Kh2 g3+ 48. fxg3 hxg3+ 49. Kg2 Kg4 50. Kg1 f4 51. Kh1 Kh3 52.
Kg1 g2 53. Kf2 Kh2 0-1

[Event "DEM U12"]
[Site "Willingen"]
[Date "2006.06.07"]
[Round "7.45"]
[White "Hümmecke, Miriam"]
[Black "Martens, Julian"]
[Result "1-0"]
[WhiteElo "1295"]
[BlackElo "1067"]
[PlyCount "107"]
[EventDate "2006.??.??"]
[EventType "swiss"]
[EventRounds "11"]
[EventCountry "GER"]

1. e4 e5 2. f4 d6 3. Nc3 Nf6 4. Nf3 Nc6 5. Bb5 exf4 6. d4 a6 7. Ba4 b5 8. Bb3
Bg4 9. O-O Be7 10. Bxf4 h6 11. Qd2 O-O 12. h3 Bh5 13. Rae1 Qd7 14. Nd5 Nxd5 15.
Bxd5 Rad8 16. Re3 Rfe8 17. Rc3 Nb4 18. Bb3 a5 19. a3 a4 20. axb4 axb3 21. Rxb3
d5 22. Ne5 Qe6 23. Re1 Bd6 24. exd5 Qxd5 25. Qd3 Bg6 26. Qd2 Be4 27. Qc3 Bxg2
28. Qg3 g5 29. Bxg5 Kh7 30. Bxd8 Rg8 31. Qf2 Bxh3+ 32. Rg3 Bxe5 33. Rxe5 Qxd8
34. Qxf7+ Kh8 35. Rxg8+ Qxg8+ 36. Qxg8+ Kxg8 37. Re8+ Kf7 38. Rb8 Bd7 39. Rb7
Kg6 40. Rxc7 Be8 41. d5 Kf5 42. b3 h5 43. c4 bxc4 44. bxc4 Ke5 45. Re7+ Kd4 46.
Rxe8 h4 47. Rh8 Kxc4 48. Rxh4+ Kxd5 49. Kf2 Kc6 50. Rh5 Kb6 51. Ke3 Kc6 52. Kd4
Kb6 53. Rc5 Ka6 54. Kd5 1-0

[Event "DEM U12"]
[Site "Willingen"]
[Date "2006.06.07"]
[Round "7.46"]
[White "Marx, Inga"]
[Black "Seel, Eric"]
[Result "1/2-1/2"]
[WhiteElo "1078"]
[BlackElo "897"]
[PlyCount "120"]
[EventDate "2006.??.??"]
[EventType "swiss"]
[EventRounds "11"]
[EventCountry "GER"]

1. e4 e5 2. Nf3 Nc6 3. Bc4 h6 4. O-O Bc5 5. c3 d6 6. d4 Bb6 7. Be3 Nf6 8. d5
Ne7 9. Bd3 O-O 10. Re1 Bg4 11. h3 Bd7 12. Nbd2 Re8 13. Nf1 c6 14. c4 c5 15. Ng3
Rc8 16. Qc1 Ba5 17. Rf1 Kh7 18. Nh2 Qc7 19. f4 Ng6 20. f5 Ne7 21. Qd1 a6 22.
Nh5 Nxh5 23. Qxh5 Rf8 24. f6 Ng8 25. fxg7 Kxg7 26. Ng4 Bxg4 27. Qxg4+ Kh7 28.
Rf3 Qe7 29. Rg3 Qf6 30. Rf1 Qg6 31. Qh4 Bd8 32. Rxg6 Bxh4 33. Rxd6 Rc7 34. Rb6
Bd8 35. Rf5 Re7 36. Rb3 b6 37. a4 a5 38. Bf2 Bc7 39. g4 Rd7 40. h4 f6 41. g5
hxg5 42. hxg5 Rdf7 43. gxf6 Rxf6 44. Rxf6 Rxf6 45. Be2 Rg6+ 46. Rg3 Rxg3+ 47.
Bxg3 Nf6 48. Bf3 Kg7 49. Bh4 Kf7 50. Kg2 Bd8 51. b3 Ke8 52. Bxf6 Bxf6 53. Kg3
Kd7 54. Kg4 Bd8 55. Kf5 Bc7 56. Kf6 Kd6 57. Kf7 Kd7 58. Bg4+ Kd6 59. Ke8 b5 60.
axb5 Bb6 1/2-1/2

[Event "DEM U12"]
[Site "Willingen"]
[Date "2006.06.07"]
[Round "7.47"]
[White "Marquardt, Annabelle"]
[Black "Warmer, Marina"]
[Result "0-1"]
[WhiteElo "872"]
[BlackElo "1036"]
[PlyCount "156"]
[EventDate "2006.??.??"]
[EventType "swiss"]
[EventRounds "11"]
[EventCountry "GER"]

1. e4 e6 2. d4 d5 3. e5 c5 4. Nf3 Nc6 5. Bb5 Qb6 6. Bxc6+ Qxc6 7. c3 f6 8. Bf4
b6 9. Nbd2 Bb7 10. a3 Rc8 11. Bg3 Ne7 12. Rc1 Qb5 13. Qb3 Qxb3 14. Nxb3 c4 15.
Nbd2 Ng6 16. b3 cxb3 17. Nxb3 a6 18. a4 Ba3 19. Rc2 Rc4 20. a5 b5 21. Kd2 b4
22. Kd3 O-O 23. Nfd2 Rc7 24. exf6 Rc6 25. fxg7 Kxg7 26. Ra1 bxc3 27. Rxc3 Rxc3+
28. Kxc3 Be7 29. Nc5 Bxc5 30. dxc5 Rc8 31. Kd4 Kf6 32. Bd6 e5+ 33. Kd3 Nf4+ 34.
Ke3 Nxg2+ 35. Kd3 Nh4 36. Rb1 Bc6 37. Re1 e4+ 38. Kd4 Nf5+ 39. Kc3 Nxd6 40.
cxd6 Ke6 41. f3 Kxd6 42. fxe4 dxe4 43. Kd4 Re8 44. Nxe4+ Bxe4 45. Rxe4 Rxe4+
46. Kxe4 Kc5 47. Kd3 Kb5 48. Kc3 Kxa5 49. Kb3 Kb5 50. h3 h6 51. h4 h5 52. Ka3
Kc4 53. Ka4 Kd4 54. Ka5 Ke4 55. Kxa6 Kf4 56. Kb5 Kg4 57. Kc4 Kxh4 58. Kd3 Kg3
59. Ke2 Kg2 60. Ke1 h4 61. Ke2 h3 62. Ke3 h2 63. Kf4 h1=Q 64. Kg4 Qh3+ 65. Kf4
Qg3+ 66. Kf5 Qf2+ 67. Ke4 Qf3+ 68. Ke5 Kg3 69. Kd4 Qe2 70. Kd5 Kf4 71. Kc5 Qd3
72. Kb4 Qc2 73. Kb5 Ke4 74. Kb6 Kd5 75. Kb5 Qb3+ 76. Ka6 Kc5 77. Ka7 Kc6 78.
Ka8 Qb7# 0-1

[Event "DEM U12"]
[Site "Willingen"]
[Date "2006.06.07"]
[Round "7.48"]
[White "Brühan, Caren"]
[Black "Holzmann, Arthur"]
[Result "0-1"]
[WhiteElo "1054"]
[BlackElo "1099"]
[PlyCount "94"]
[EventDate "2006.??.??"]
[EventType "swiss"]
[EventRounds "11"]
[EventCountry "GER"]

1. d4 d5 2. Nf3 e6 3. Bf4 f5 4. Nc3 Nf6 5. e3 c6 6. Bd3 Bb4 7. Qd2 Ne4 8. Bxe4
fxe4 9. Ne5 O-O 10. O-O Nd7 11. Nxd7 Bxd7 12. a3 Be7 13. g3 g5 14. Be5 Bf6 15.
Bd6 Be7 16. Bxe7 Qxe7 17. Rae1 Rf6 18. g4 Rh6 19. f3 exf3 20. Rxf3 e5 21. Rg3
Rf8 22. h3 Qd6 23. Kg2 e4 24. Re2 Rf3 25. Qe1 Rhf6 26. Rxf3 exf3+ 27. Kg1 fxe2
28. Qxe2 Qg3+ 29. Qg2 Qxe3+ 30. Kh1 Qe1+ 31. Qg1 Rf1 32. Qxf1 Qxf1+ 33. Kh2
Qf2+ 34. Kh1 Qxc2 35. b4 Qxc3 36. Kh2 h5 37. b5 hxg4 38. bxc6 bxc6 39. a4 Qxh3+
40. Kg1 Qg3+ 41. Kh1 Qf3+ 42. Kg1 Qe2 43. a5 c5 44. a6 c4 45. Kh1 c3 46. Kg1 c2
47. Kh1 c1=Q# 0-1

[Event "DEM U12"]
[Site "Willingen"]
[Date "2006.06.07"]
[Round "7.49"]
[White "Krtschil, Anna"]
[Black "Veelders, Wiebke"]
[Result "1/2-1/2"]
[WhiteElo "1077"]
[BlackElo "997"]
[PlyCount "41"]
[EventDate "2006.??.??"]
[EventType "swiss"]
[EventRounds "11"]
[EventCountry "GER"]

1. e4 e6 2. d4 d5 3. exd5 exd5 4. c4 Nc6 5. Nf3 Nf6 6. Nc3 Be6 7. b3 Bb4 8. Bb2
O-O 9. Be2 Ne4 10. Rc1 Qf6 11. O-O Bxc3 12. Bxc3 Ng5 13. Ne5 Ne7 14. Bd3 Qh6
15. Bd2 f6 16. Ng4 Qh4 17. h3 h5 18. Nh2 Nf5 19. Nf3 Nxf3+ 20. Qxf3 Nxd4 21.
Qe3 1/2-1/2

[Event "DEM U12"]
[Site "Willingen"]
[Date "2006.06.07"]
[Round "7.50"]
[White "Hüglin, Larissa"]
[Black "Alt, Elisabeth"]
[Result "0-1"]
[WhiteElo "793"]
[BlackElo "782"]
[PlyCount "82"]
[EventDate "2006.??.??"]
[EventType "swiss"]
[EventRounds "11"]
[EventCountry "GER"]

1. e4 e5 2. Nf3 Nc6 3. Bc4 Bc5 4. c3 Nf6 5. d4 Bd6 6. Nbd2 O-O 7. h3 a6 8. Ng5
exd4 9. Bxf7+ Rxf7 10. Nxf7 Kxf7 11. Qb3+ Kf8 12. Nf3 h6 13. cxd4 Nxe4 14. Ne5
Nxe5 15. dxe5 Bxe5 16. Qe3 d5 17. Qf3+ Kg8 18. O-O Be6 19. Qh5 Qf6 20. Be3 d4
21. Qf3 Qxf3 22. gxf3 Bxh3 23. Rfe1 dxe3 24. fxe4 exf2+ 25. Kxf2 Bxb2 26. Rad1
g5 27. e5 h5 28. e6 Re8 29. e7 h4 30. Rd8 Kf7 31. Rd3 Bf5 32. Rf3 Kf6 33. Rd1
Rxe7 34. Rd5 Re5 35. Rd2 g4 36. Rb3 g3+ 37. Kg2 Be4+ 38. Kh3 Bf5+ 39. Kxh4 Re4+
40. Kh5 Bg6+ 41. Kh6 Rh4# 0-1

[Event "DEM U14"]
[Site "Willingen"]
[Date "2006.06.03"]
[Round "1.1"]
[White "Graf, Felix"]
[Black "Belger, Christian"]
[Result "0-1"]
[WhiteElo "2209"]
[BlackElo "1966"]
[PlyCount "116"]
[EventDate "2006.??.??"]
[EventType "swiss"]
[EventRounds "9"]
[EventCountry "GER"]

1. d4 Nf6 2. c4 g6 3. Nc3 Bg7 4. e4 d6 5. f3 O-O 6. Be3 e5 7. d5 Nh5 8. Qd2 f5
9. O-O-O Nd7 10. exf5 gxf5 11. Bd3 Nc5 12. Bc2 a6 13. g3 b5 14. f4 e4 15. Qe2
Qe8 16. Bd4 Nd3+ 17. Rxd3 exd3 18. Qxd3 Qe1+ 19. Bd1 Bxd4 20. Qxd4 bxc4 21. Kc2
Nf6 22. Bf3 Qe7 23. Nge2 Bd7 24. Re1 Rfe8 25. Qxc4 Bb5 26. Qd4 Qe3 27. Qxe3
Rxe3 28. Rf1 Rae8 29. Nxb5 axb5 30. Nd4 Ng4 31. Bxg4 fxg4 32. Rf2 Kf7 33. Kd2
R8e4 34. Nf5 Rf3 35. Nh6+ Kg6 36. Nxg4 Rxf2+ 37. Nxf2 Rd4+ 38. Ke3 Rxd5 39. g4
Rc5 40. Kd2 Rc4 41. Nd3 Re4 42. f5+ Kf6 43. Nf2 Ra4 44. a3 d5 45. h3 h5 46. Ke3
hxg4 47. hxg4 b4 48. axb4 Rxb4 49. b3 c5 50. Nd3 Rxb3 51. Kd2 c4 52. Nf4 d4 53.
Ne6 d3 54. Nc5 Rb2+ 55. Kc1 Rg2 56. Nd7+ Ke7 57. Nb6 Rxg4 58. Nd5+ Kf7 0-1

[Event "DEM U14"]
[Site "Willingen"]
[Date "2006.06.03"]
[Round "1.2"]
[White "Colpe, Malte"]
[Black "Jorczik, Julian"]
[Result "0-1"]
[WhiteElo "1960"]
[BlackElo "2170"]
[PlyCount "56"]
[EventDate "2006.??.??"]
[EventType "swiss"]
[EventRounds "9"]
[EventCountry "GER"]

1. d4 Nf6 2. c4 g6 3. Nc3 Bg7 4. e4 d6 5. Nf3 O-O 6. Be2 e5 7. Be3 Nc6 8. d5
Ne7 9. Nd2 Ne8 10. b4 f5 11. f3 Nf6 12. c5 Nh5 13. Nc4 Nf4 14. O-O g5 15. cxd6
cxd6 16. Nb5 Rf6 17. Bxa7 Rh6 18. Bb6 Qe8 19. Nc7 Qh5 20. Nxa8 Nxg2 21. Bd3
Qxh2+ 22. Kf2 Ne3+ 23. Ke1 Nxd1 24. Kxd1 fxe4 25. fxe4 Bg4+ 26. Kc1 Rh3 27. Rf2
Qg3 28. Rd2 Nxd5 0-1

[Event "DEM U14"]
[Site "Willingen"]
[Date "2006.06.03"]
[Round "1.3"]
[White "Strunski, Andreas"]
[Black "Raykhman, Alexander"]
[Result "1-0"]
[WhiteElo "2146"]
[BlackElo "1955"]
[PlyCount "103"]
[EventDate "2006.??.??"]
[EventType "swiss"]
[EventRounds "9"]
[EventCountry "GER"]

1. d4 Nf6 2. c4 g6 3. Nc3 Bg7 4. e4 d6 5. Nge2 O-O 6. Ng3 e5 7. d5 Ng4 8. Be2
Qh4 9. Bd2 Bh6 10. Bxh6 Nxh6 11. Qd2 f5 12. exf5 Nxf5 13. Nxf5 gxf5 14. O-O-O
Na6 15. g3 Qe7 16. f4 e4 17. Nb5 Bd7 18. Nd4 c5 19. dxc6 bxc6 20. Nc2 Rf6 21.
Ne3 Rb8 22. Qa5 Nc5 23. Rd2 Rb3 24. Nc2 Rb7 25. Ne3 Rf8 26. Rhd1 Rfb8 27. Qa3
Qg7 28. Rc2 Nb3+ 29. axb3 Rxb3 30. Qxa7 R8b7 31. Qa8+ Rb8 32. Qa7 R8b7 33. Qd4
Qxd4 34. Rxd4 Rxe3 35. Rxd6 c5 36. Rcd2 Ba4 37. Ra6 Be8 38. Ra8 Re7 39. Rc8 Kg7
40. Rxc5 Ra7 41. Rc2 Ba4 42. Rd2 Bb3 43. Kb1 h5 44. Rxf5 h4 45. Rg5+ Kf6 46.
gxh4 Rxe2 47. Rxe2 Bxc4 48. Rd2 e3 49. Rd6+ Ke7 50. Rd4 Ra4 51. Re5+ Kf6 52.
Rd6+ 1-0

[Event "DEM U14"]
[Site "Willingen"]
[Date "2006.06.03"]
[Round "1.4"]
[White "Specht, Christian"]
[Black "Geske, Julian"]
[Result "0-1"]
[WhiteElo "1933"]
[BlackElo "2140"]
[PlyCount "90"]
[EventDate "2006.??.??"]
[EventType "swiss"]
[EventRounds "9"]
[EventCountry "GER"]

1. e4 d5 2. exd5 Qxd5 3. Nc3 Qa5 4. d4 Nf6 5. Nf3 Nc6 6. Bb5 Ne4 7. Bd2 Nxc3 8.
Bxc6+ bxc6 9. Bxc3 Qd5 10. O-O Bg4 11. Qd3 Bxf3 12. Qxf3 Qxf3 13. gxf3 e6 14.
Rfe1 O-O-O 15. Rad1 Be7 16. Kf1 Bf6 17. Rd3 Rd5 18. Red1 Rhd8 19. Kg2 Rg5+ 20.
Kh1 Rh5 21. Rg1 Rdd5 22. Rg4 Rh3 23. Rg3 Rh6 24. Kg2 Kb7 25. Rh3 Rxh3 26. Kxh3
c5 27. dxc5 Rxd3 28. cxd3 Bxc3 29. bxc3 Kc6 30. Kg4 Kxc5 31. Kf4 Kb5 32. Ke5
Ka4 33. Kd4 Ka3 34. Kc5 Kxa2 35. Kc6 Kb3 36. c4 a5 37. Kxc7 a4 38. c5 a3 39. c6
a2 40. Kb7 a1=Q 41. c7 Qd1 42. c8=Q Qxf3+ 43. Kb8 Qxf2 44. Qc7 g6 45. Kc8 Qc2
0-1

[Event "DEM U14"]
[Site "Willingen"]
[Date "2006.06.03"]
[Round "1.5"]
[White "Heimann, Andreas"]
[Black "Petermann, Michail"]
[Result "1-0"]
[WhiteElo "2136"]
[BlackElo "1852"]
[PlyCount "47"]
[EventDate "2006.??.??"]
[EventType "swiss"]
[EventRounds "9"]
[EventCountry "GER"]

1. e4 c5 2. Nc3 d6 3. Nge2 e6 4. g3 g6 5. Bg2 Bg7 6. d4 cxd4 7. Nxd4 a6 8. O-O
Ne7 9. Be3 O-O 10. Nb3 Qc7 11. Qd2 Bd7 12. Rad1 Nc8 13. Bf4 Be5 14. Bh6 Bg7 15.
Bf4 Be5 16. Bh6 Bg7 17. Bxg7 Kxg7 18. Qd4+ Kg8 19. f4 Nc6 20. Qd2 Rd8 21. f5
Qb6+ 22. Kh1 exf5 23. Nd5 Qa7 24. Qh6 1-0

[Event "DEM U14"]
[Site "Willingen"]
[Date "2006.06.03"]
[Round "1.6"]
[White "Aslan, Benjamin"]
[Black "Fischer, Thomas"]
[Result "1/2-1/2"]
[WhiteElo "1837"]
[BlackElo "2045"]
[PlyCount "76"]
[EventDate "2006.??.??"]
[EventType "swiss"]
[EventRounds "9"]
[EventCountry "GER"]

1. d4 f5 2. c4 e6 3. Nf3 Bb4+ 4. Bd2 Bxd2+ 5. Nbxd2 Nf6 6. g3 b6 7. Bg2 Bb7 8.
O-O O-O 9. Ne5 Bxg2 10. Kxg2 d6 11. Nd3 Nc6 12. Nf3 Qe7 13. b4 e5 14. d5 Nd8
15. Nd2 f4 16. e4 g5 17. g4 f3+ 18. Qxf3 Nxd5 19. Qd1 Nf4+ 20. Nxf4 Rxf4 21. f3
Ne6 22. Nb3 Rf7 23. Kg1 Raf8 24. Rc1 c5 25. b5 Kg7 26. Rf2 Nf4 27. Qf1 h5 28.
h3 Kg6 29. Rcc2 Rh7 30. Rh2 Rfh8 31. Nc1 Ne6 32. Rcf2 Nd4 33. Ne2 h4 34. Nc3
Rf8 35. Nd5 Qb7 36. Ne3 Rd7 37. Nf5 Rb8 38. Rb2 Qa8 1/2-1/2